| 000 | 00325cam a22001217a 4500 | ||
|---|---|---|---|
| 008 | 180718b1998 xxu||||| |||| 00| 0 eng d | ||
| 082 | _aO6 C343 | ||
| 100 | _aChhajer, Bimal | ||
| 245 |
_aFood for reversing heart disease _cby Bimal Chhajer |
||
| 260 |
_aNew Delhi _bSAAOL _c1998 |
||
| 300 | _a487p. | ||
| 650 | _aHeart - Diseases | ||
| 999 |
_c388983 _d388983 |
||